000 00366nam a2200145 i 4500
001 bg
100 1 _aDEC, G.
245 0 _aRukovodstvo k prakticeskomu primeniju preobrazovanija Laplasa i z-preobrazovanija /
_cG. Dec.
260 _aMoskva,
_c1971.
040 _cBPK
041 _apol
080 _a512
942 _cKS
008 s pl f |000 0 pol
999 _c25526
_d25526
856 _uhttp://koha.tu.koszalin.pl/cgi-bin/koha/opac-detail.pl?biblionumber=25526
_yKatalog online BPK